000 00312nam a2200133Ia 4500
003 OSt
005 20230726110454.0
008 170524s9999 xx 000 0 und d
040 _cIIMT UNIVERSITY
100 _aLASIKER- FLATLEY
245 0 _aBASIC BUSINESS COMMUNICATON
260 _bTMH : DELHI
942 _2ddc
_c02
999 _c7872
_d7872